| 000 | 00647nam a2200205 a 4500 | ||
|---|---|---|---|
| 005 | 20210223120409.0 | ||
| 008 | 991125s1959 ag 000 0 spa u | ||
| 035 | _aUPN01000000176 | ||
| 049 | _aCG | ||
| 050 | 4 |
_aLB775 F4 _bF4.28 1959 |
|
| 100 | 1 |
_aFerriére, Adolphe, _d1879-1960 _942134 |
|
| 245 | 1 | 3 |
_aEl ABC de la educación y las casas de niños abandonados / _cA. Ferriére. |
| 250 | _a2a ed. | ||
| 260 |
_aBuenos Aires : _bKapelusz, _c1959. |
||
| 300 | _a122 p. | ||
| 440 | 0 |
_aBiblioteca de cultura pedagógica ; _v18 |
|
| 650 | 4 |
_aNIÑOS - _xINSTITUCIONES INFANTILES _912522 |
|
| 650 | 4 |
_aNIÑOS - _xASISTENCIA SOCIAL _917876 |
|
| 905 | _aLibro | ||
| 999 |
_c176 _d176 |
||